|
|
|
|
| LEADER |
00000nam a2200000 a 4500 |
| 001 |
vtls001164829 |
| 003 |
SK-MaSNL |
| 005 |
20260301063314.0 |
| 008 |
250414s1986 CS 0 cze |
| 035 |
|
|
|a SNK000107781
|
| 040 |
|
|
|a SNK
|b slo
|c SNK
|e AACR2
|
| 041 |
0 |
|
|a cze
|
| 044 |
|
|
|a [CS]
|
| 080 |
|
|
|a 372.47(075.2)(076.5)
|2 1981
|
| 245 |
0 |
0 |
|a Matematika pro 3. ročník základní školy. Pracovní sešit I ; [Aut.] Ľudovít Bálint ; Přel. Jiří Divíšek ; Il. Bohumil Maxa
|
| 250 |
|
|
|a 1. vyd.
|
| 260 |
|
|
|a Praha
|b Státní pedagogické nakladatelství
|c 1986
|
| 300 |
|
|
|a 80 s.
|c 4°
|
| 490 |
0 |
|
|a Učebnice pro základní školy
|
| 700 |
1 |
|
|a Bálint, Ľudovít,
|d 1937-2021
|4 aut
|9 215985
|
| 700 |
1 |
|
|a Divíšek, Jiří,
|d 1935-
|4 trl
|9 87471
|
| 700 |
1 |
|
|a Maxa, Bohumil
|4 ill
|9 45637
|
| 852 |
|
|
|a Slovenská národná knižnica
|
| 958 |
|
|
|a OND
|
| 968 |
|
|
|d Ze slov. orig.
|
| 999 |
|
|
|c 623586
|d 625516
|
| 952 |
|
|
|a SNK
|b SNK
|y PREZ
|7 0
|p 17A0812196
|o snkSB 40761/1
|0 0
|1 0
|4 0
|d 2012-05-08
|f 1
|l 0
|r 2025-04-28 00:00:00
|w 2026-02-23
|
| 952 |
|
|
|t P60, <04>, [BOOK], {604}
|a SNK
|b SNK
|y VYP
|7 0
|p 17A0204008
|o snkSB 40761/1 D1
|0 0
|1 0
|4 0
|d 1999-08-02
|l 0
|r 2005-01-01 00:00:00
|w 2026-02-23
|